[Event "Sigeman & Co 06th"]
[Site "Malmo"]
[Date "1998.06.09"]
[Round "1"]
[White "Hansen, Curt"]
[Black "Brynell, Stellan"]
[Result "1-0"]
[WhiteElo "2595"]
[BlackElo "2475"]
[Annotator "Ribli,Z"]
[PlyCount "163"]
[EventDate "1998.06.09"]
[EventType "tourn"]
[EventRounds "9"]
[EventCountry "SWE"]
[EventCategory "13"]
[SourceTitle "CBM 066"]
[Source "ChessBase"]
[SourceDate "1998.09.30"]
[SourceVersion "1"]
[SourceVersionDate "1998.09.30"]
[SourceQuality "1"]

1. c4 e5 2. Nc3 Nf6 3. g3 Bb4 4. Bg2 O-O 5. Nf3 Nc6 6. O-O e4 (6... Re8 7. Ne1
$5 Bf8 8. Rb1 h6 9. d3 g6 10. Bd2 Bg7 11. b4 $14 {und Weiß hat aktives Spiel
am Damenflügel. Horvath,Jo - Fogarasi,Budapest,1998. Ribli.}) 7. Ng5 Bxc3 8.
bxc3 Re8 9. f3 {Es ist verständlich, daß Weiß die Stellung für sein Läuferpaar
öffnen möchte.} e3 {Dieser Zug wurde von Karpov gegen Kasparov (Sevilla 1987)
in die Turnierpraxis eingeführt. Schwarz opfert einen Bauern, um die weiße
Bauernstruktur zu zerstören.} (9... exf3 10. Nxf3 d5 11. d4 Ne4 12. Qc2 Bf5 (
12... dxc4 13. Rb1 f5 14. g4 g6 (14... Nd6 15. Bg5 Qd7 16. Nh4 Nf7 17. Rxf5
Nxd4 18. cxd4 Qxd4+ 19. e3 Qxg4 20. Rxf7 Kxf7 21. Nf3 Bf5 22. Qf2 Kg8 23. Rc1
Bd3 24. Bf4 c6 25. Ne5 Qf5 26. Nxc4 Bxc4 27. Rxc4 {David,P-Polak,T/CZE-ch 1995/
1-0 (53)}) 15. Bf4 Be6 16. Rxb7 Bd5 17. gxf5 Nxd4 18. cxd4 Bxb7 19. fxg6 hxg6
20. Ne5 $36 {1-0 Smirin,I-Avrukh,B/Koop Tjuchem op 1996 (24)}) 13. Nh4 Bg6 14.
Bf4 Na5 15. cxd5 Qxd5 16. Be5 Rxe5 17. Nxg6 hxg6 18. dxe5 Qc5+ 19. e3 Ng5 20.
Qf2 {Chernin,A-Farago,I/AUT-chT9596 1996/1-0 (114)}) 10. dxe3 (10. d3 d5 11.
Qb3 (11. cxd5 Nxd5 12. Qb3 Na5 13. Qa3 Qxg5 (13... b6 14. f4 Bb7 15. Bb2 c5 16.
c4 Nb4 17. Qc3 f6 18. Bxb7 Nxb7 19. Nf3 Nd6 20. g4 $5 Nc6 21. Kh1 {1/2-1/2
Gulko,B-Ivanchuk,V/Horgen 1995 (29)}) 14. Qxa5 Qe5 15. d4 Qd6 $10 {/\} 16. Ba3
Qc6 17. f4 Qxc3 18. Qa4 Nf6) 11... Na5 12. Qa3 c6 13. cxd5 cxd5 14. f4 Bg4 $5 (
14... Nc6 15. Rb1 Qc7) 15. Re1 h6 16. Nf3 Nc6 17. Rb1 Qd7 18. d4 Bh3 19. Bh1
Nh5 $1 20. Ne5 Nxe5 21. fxe5 Qg4 22. Bxe3 Nxg3 23. Bf3 Qg6 24. hxg3 Qxg3+ 25.
Kh1 Bg4 26. Qc1 Qh3+ 27. Kg1 Qg3+ 28. Kh1 Re6 $1 {0-1 Lautier,J-Illescas
Cordoba,M/Dos Hermanas 1995 (40)}) 10... h6 (10... b6 11. e4 h6 12. Nxf7 $6
$146 (12. Nh3 $5) 12... Kxf7 13. f4 Kg8 14. e5 Nh7 15. Ba3 $2 (15. f5 $8) 15...
Bb7 16. Be4 Kh8 17. Bc2 Nxe5 $1 {0-1 Topalov,V-Gelfand,B/Novgorod 1997 (29)})
11. Nh3 {[%csl Rc3,Rc4,Re2,Re3] Weiß besitzt einen Mehrbauern, hat sich
allerdings zwei Doppelbauern eingehandelt.} b6 (11... Ne5 12. e4 Nxc4 13. Qd4
Ne5 (13... d5 14. Nf4 c6 15. exd5 cxd5 16. e4 Qb6 17. Nxd5 Nxd5 18. exd5 Qxd4+
19. cxd4 b6 20. d6 Bb7 21. d7 Re7 22. Bh3 Bc6 23. Bf4 Bxd7 {0-1 Kopilov,
N-Raetsky,A/Voronezh 1990 (38)}) 14. c4 d6 15. Nf4 b6 16. Nd5 c5 $1 17. Qc3
Nxd5 18. cxd5 b5 $6 (18... f6 $1 $13) 19. f4 $1 b4 20. Qc2 Nd7 21. e5 $1 {
1-0 Gulko,B-Illescas Cordoba,M/Espana 1996 (41)}) 12. Nf4 {[%csl Yd5,Gf4][%cal
Gf4d5]} (12. e4 Ba6 (12... Qe7 13. Nf4 Qc5+ 14. Kh1 Qxc4 15. Nd5 Nxd5 16. exd5
Na5 17. e4 c6 18. d6 Bb7 19. g4 Qxc3 20. Bd2 Qf6 21. Bxa5 bxa5 22. Qd3 {
1/2-1/2 Psakhis,L-Avrukh,B/Koop Tjuchem op 1996}) (12... d6 13. Nf2 (13. f4 $6
Nxe4 14. Qd5 Bxh3 $17) 13... Ba6 14. f4 {[%csl Gg2][%cal Gg2a8]} Na5 $13) 13.
c5 (13. Qa4 $5 Na5 14. c5 Bxe2 15. Re1 Ba6 16. f4 Bb7 17. Nf2 $14) 13... bxc5
14. Ba3 d6 15. Qa4 Nb8 16. e5 $5 dxe5 17. Rfd1 Qc8 18. e4 Nbd7 $1 19. Nf2 Nb6 {
1/2-1/2 Gulko,B-Timoshenko,G/Nova Gorica 1997 (32)}) 12... Na5 {[%csl Ga5,Rc4]}
(12... d6 {Mit diesem Zug legt Schwarz den Bauern c4 fest.}) 13. c5 $13 {
Weiß verteidigt seine schwachen Bauern nicht. Nimmt Schwarz das Opfer an, muß
er seinerseits mit Doppelbauern spielen.} Qe7 (13... bxc5 $5 14. Rb1 (14. e4))
14. cxb6 axb6 {Schwarz hat einen Bauer weniger, aber seine feste Stellung
weist keinerlei Schwächen auf.} 15. e4 Qc5+ 16. Kh1 {Weiß hat keine Angst vor
16...Qxc3.} (16. Qd4 Nb3 {[%csl Ga8][%cal Rb3a1,Rb3d4,Ga8a1]} 17. Qxc5 bxc5 18.
Rb1 Nxc1 19. Rfxc1 Rxa2 $11) 16... Bb7 (16... Qxc3 17. Bd2 $14) 17. Nd3 Qc4 (
17... Qxc3 18. Bb2 $14 {[%csl Gb2][%cal Gb2h8] und der weiße Läufer auf b2 ist
sehr stark.}) 18. Bf4 d6 19. Qc2 $14 {Weiß hat Übergewicht im Zentrum und das
Läuferpaar, aber seine Bauernmehrheit am Königsflügel ist schwierig zu
verwerten.} Nd7 20. Rfd1 Qe6 {[%cal Ga5c4]} 21. Be3 Nc4 {[%csl Gc4]} 22. Bd4 {
[%csl Gd4] Mit diesem Läuferzug provoziert der Weiße die Schwächung des
schwarzen Damenflügels mit 22...c5.} Ra5 {[%cal Ga5h5,Ge8a8,Ga8a1] Schwarz
bereitet die mögliche Turmverdoppelung in der a-Linie vor.} (22... c5 23. Bf2
$14 {[%csl Rb6,Rd6]}) (22... Na3 23. Qb3 $14) 23. Nf4 Qe7 24. Qb3 {[%csl Rc4]
Zug um Zug verbessert Weiß seine Stellung.} b5 (24... Nde5 25. Bxe5 Nxe5 26.
Nd5 $14) 25. a4 Rea8 {[%csl Ra1,Ra4][%cal Ga8a1]} 26. Rac1 Rxa4 27. Qxb5 Ndb6 {
[%csl Rb5]} 28. Qh5 {Es ist schwierig für Weiß, ein gutes Feld für die Dame zu
finden.} R8a5 {[%csl Rh5]} 29. Qh4 Qg5 (29... g5 $2 30. Qxh6 $18 {[%csl Gd4,
Rg8,Gh6]}) (29... Qxh4 30. gxh4 $14) 30. Rb1 (30. Qxg5 hxg5 31. Nh5 f6 {
[%csl Rh5]}) 30... Ra2 31. Kg1 Bc6 {Die beiden Kontrahenten versuchen, mit
kleinen Manövern ihre Aussichten zu verbessern. Es ist in solchen Stellungen
nicht so einfach, etwas Konkretes zu unternehmen.} 32. Bf1 {Weiß überdeckt e2.}
Ba4 {[%cal Ra4d1]} 33. Re1 c5 {Schwarz verliert die Geduld und beginnt mit
konkreten Aktionen.} 34. Bf2 Qxh4 35. gxh4 {[%csl Re2,Re4,Rh2,Rh4] und wieder
hat Weiß zwei Doppelbauern und sein Bauernplus sollte allenfalls von
symbolischer Bedeutung sein.} Bc2 36. Rbc1 Rb2 $44 {[%csl Ga5,Gb2,Gb6,Gc2,Gc4,
Re2,Re4,Rf1,Rh2,Rh4]} 37. h5 {Es ist schwierig für Weiß, aktiv zu spielen, so
sichert er sich für alle Fälle etwas Raum am Königsflügel.} Raa2 38. Ra1 Na4 {
[%cal Ra4c3]} 39. Nd5 {[%csl Gd5]} Bb3 40. Bg3 {[%csl Gd5,Rd6,Gg3]} Rc2 {
[%csl Rc3][%cal Ra4c3,Rc2c3]} 41. Rxa2 Rxa2 (41... Bxa2 42. Ra1 Bb3 $5) 42. Bh3
$14 {[%csl Gg3,Gh3] Endlich kommt der bislang so passive Läufer ins Spiel.} Rc2
{[%csl Rc3][%cal Ra4c3,Rc2c3]} 43. Bf5 {[%cal Gf5c2]} Ne5 {Schwarz verhindert
den eventuellen Abzugsangriff 44.e5.} (43... Nxc3 $5 44. Nxc3 Rxc3 45. Ra1 $36
Kf8) (43... Ra2 44. Kf2 $14) 44. Rb1 Rb2 $6 {Ich denke, es wäre besser für
Schwarz, die Türme auf dem Brett zu behalten.} (44... Nb2 $5) 45. Rxb2 Nxb2 46.
Ne7+ Kf8 47. Nc8 {[%csl Rd6][%cal Rc8d6]} Nbc4 48. Bh3 (48. Nxd6 $5 Nxd6 49.
Bxe5 Nxf5 50. exf5 {[%csl Rf3,Rf5,Rh2,Rh5] Schwarz hat wieder zwei
Doppelbauern, diesmal allerdings zwei Mehrbauern. Wegen der ungleichfarbigen
Läufer bin ich aber nicht so überzeugt, daß sein materieller Vorteil zum
Gewinn ausreichend ist.}) 48... f6 49. Be6 {[%csl Gc8,Ge6,Rf8][%cal Ge6b3]} Ba4
50. Kf2 (50. Bxc4 Nxc4 51. Nxd6 $5 Ne3 (51... Nxd6 $2 52. Bxd6+ $18 {[%cal
Rd6c5,Rd6f8]})) 50... Na3 51. Nxd6 $16 Ke7 52. Nb7 {[%csl Rc5]} Be8 (52... Kxe6
53. Nxc5+ {[%cal Rc5a4,Rc5e6]}) 53. Bd5 {[%csl Gb7,Rc5,Gd5,Rh5] Die beiden
Mehrbauern sichern dem Weißen die besseren Aussichten.} c4 54. Na5 {[%csl Rc4]
[%cal Ga5c4,Gd5c4]} Nb5 (54... Bxh5 55. Bxe5 fxe5 56. Nxc4 Nxc4 57. Bxc4 $16)
55. Bxe5 fxe5 56. Nxc4 {[%csl Re5][%cal Rc4e5]} Kf6 {Schwarz verteidigt seinen
wichtigsten Bauern.} (56... Nxc3 57. Nxe5 Nxd5 58. exd5 Kd6 59. Ng6 $18) 57.
Ne3 {[%csl Rf6][%cal Re3g4,Rg4f6,Rg4e5]} Nxc3 (57... Bxh5 58. c4 $16) 58. Ng4+
Ke7 59. Nxe5 Bxh5 (59... Nxd5 60. exd5 Kd6 61. Ng6 $18 {Das ist gleiche
Stellung wie in der Bemerkung zu 56...Kf6.}) 60. Bb3 {Schwarz hat nur geringe
Rettungschancen.} Be8 61. Ke3 Kf6 62. Nc4 Bb5 63. Kd3 {[%csl Rc3]} Bxc4+ (63...
Nb1 {[%cal Gb1a3,Gb5d3]} 64. Kd4 $18 {[%csl Rb1]}) 64. Bxc4 Na4 65. Kd4 {
[%csl Gd4]} Nb6 66. e5+ Ke7 67. Bb5 {[%csl Rb6] Der schwarze Springer findet
kein gutes Feld.} Nc8 68. Ke4 Nb6 (68... Na7 69. Ba4) 69. h4 Ke6 (69... g5 70.
hxg5 (70. h5) 70... hxg5 71. Kf5 $18 {[%csl Rg5]}) 70. h5 {Die schwarzen
Bauern sind festgelegt und Weiß kann seine Bauern in Bewegung setzen.} Ke7 71.
f4 {[%csl Rb6,Ge4,Ge5,Gf4]} Ke6 72. e3 {Für Weiß besteht kein Grund zur Eile.}
Ke7 73. Kd4 Ke6 74. Kc5 {[%csl Rb6]} Nc8 75. Bf1 {[%cal Rf1h3,Rh3c8]} Ne7 (
75... Na7 76. Bh3+ Ke7 77. Kb6 $18) 76. Bh3+ Kf7 77. Kd6 $18 {[%csl Re7]} Kf8
78. Bd7 g6 (78... Kf7 79. Be6+ Kf8 80. f5 $18) 79. hxg6 Nxg6 80. f5 {[%csl Ge5,
Gf5] Mit den beiden verbundenen Freibauern gewinnt Weiß leicht.} Nh4 81. f6 Kf7
82. e6+ {und Schwarz gab auf.} (82. e6+ Kxf6 83. e7 $18 {[%cal Re7e8]}) 1-0

[Event "Bled/Rogaska Slatina"]
[Site "Bled"]
[Date "1991.??.??"]
[Round "12"]
[White "Vaganian, Rafael A"]
[Black "Kozul, Zdenko"]
[Result "1-0"]
[WhiteElo "2585"]
[BlackElo "2580"]
[Annotator "Ribli,Z"]
[PlyCount "73"]
[EventDate "1991.06.??"]
[EventType "tourn"]
[EventRounds "13"]
[EventCountry "SLO"]
[EventCategory "12"]
[SourceTitle "CBM 024"]
[Source "ChessBase"]
[SourceDate "1991.10.01"]
[SourceVersion "1"]
[SourceVersionDate "1991.10.01"]
[SourceQuality "1"]

1. c4 Nf6 2. Nc3 d5 3. cxd5 Nxd5 4. g3 e5 5. Bg2 Nb6 6. a3 Bd6 $5 7. Nf3 O-O 8.
O-O Re8 9. d3 Nc6 10. b4 a5 11. b5 Nd4 12. Nxd4 exd4 13. Ne4 a4 14. Bb2 (14.
Nxd6 $5 Qxd6 15. Bf4 Qd7 16. Rc1 Nd5 $13) 14... Bf8 15. Qd2 Re5 $1 16. e3 dxe3
17. fxe3 Rxb5 18. Bd4 c5 19. Be5 Be6 20. Qe2 Nd7 $15 21. Bc3 Rb3 22. Rfc1 Be7
23. Rab1 Rb8 24. Rxb3 axb3 25. Qb2 Qf8 26. Ra1 b5 27. a4 bxa4 28. Rxa4 Nb6 29.
Ra7 f6 30. Nd2 Qd8 $6 31. Ba5 c4 32. dxc4 Bc5 33. Qxb3 Nxc4 $2 34. Ra8 $1 Bxe3+
35. Kh1 Bb6 36. Rxb8 Qxb8 37. Nxc4 1-0

[Event "Norway Chess 3rd"]
[Site "Stavanger"]
[Date "2015.06.24"]
[Round "8"]
[White "Anand, Viswanathan"]
[Black "Hammer, Jon Ludvig"]
[Result "1-0"]
[WhiteElo "2804"]
[BlackElo "2677"]
[Annotator "Roiz,M"]
[PlyCount "71"]
[EventDate "2015.06.16"]
[EventType "tourn"]
[EventRounds "9"]
[EventCountry "NOR"]
[EventCategory "22"]
[SourceTitle "CBM 167"]
[Source "ChessBase"]
[SourceDate "2015.07.13"]
[SourceVersion "1"]
[SourceVersionDate "2015.07.13"]
[SourceQuality "1"]

1. c4 e5 2. g3 Nf6 3. Bg2 d5 4. cxd5 Nxd5 5. Nc3 Nb6 6. d3 {Vishy Anand
deviates from the main lines of the English Opening, but it doesn't mean that
this system wasn't properly prepared at home.} Be7 7. Be3 O-O 8. Rc1 f5 9. Nf3
Nc6 10. O-O {The resulting position is quite common on the top level.} Be6 ({
The prophylactic} 10... Kh8 {is another popular continuation here.}) 11. b4 {
The most aggressive choice.} ({The more modest} 11. a3 $5 {also deservesd
attention and leads to a very complex battle after} f4 (11... Bf6 12. Nd2 Kh8
13. b4 Rb8 14. Bc5 Ne7 15. b5 $14 {1-0 Kamsky,G (2741)-Svidler,P (2769)/
Thessaloniki GRE 2013 (43)}) 12. Bd2 Qe8 (12... Qd7 13. Ne4 Rf5 14. b4 $14 {
1-0 Wang Yue (2723)-Mamedyarov,S (2757)/Beijing CHN 2013 (31)}) 13. Ne4 Qh5 14.
b4 a6 $132) 11... a6 ({Grabbing the pawn by means of} 11... Bxb4 $6 12. Ng5 Bf7
13. Nxf7 Rxf7 14. Qb3 {led to a loss of material.}) ({At the same time,} 11...
Nxb4 $5 12. Nxe5 c6 13. Qd2 N4d5 14. Nxd5 Bxd5 $132 {was playable. In the
resulting position White's pawn structure is preferable, but Black gets active
piece play.}) 12. a3 Kh8 {A typical prophylactic move, which is always useful
here.} ({It was also possible to invite simplifications by means of} 12... Nd5
$5 13. Nxd5 (13. Bg5 Nxc3 14. Bxe7 Nxe2+ 15. Qxe2 Qxe7 16. Nxe5 Nxe5 17. Qxe5
c6 18. Rfe1 Rfe8 $11) 13... Bxd5 14. Qc2 f4 15. Bc5 Bd6 16. Nd2 Bxg2 17. Kxg2
Kh8 $11) 13. Na4 {The knight is heading to c5, freeing a way for the rook
along the c-file.} ({Black didn't face any problems in the preceding encounter:
} 13. Bc5 Bg8 14. e3 Bxc5 15. bxc5 Nd5 16. Qd2 Qe7 17. Ne2 Rab8 18. Nh4 Qf6 $11
{1/2-1/2 (53) Caruana,F (2791)-Giri,A (2752)/Stavanger NOR 2014}) 13... Nxa4 {
A correct decision.} ({In the event of} 13... e4 14. Ne1 Nxa4 15. Qxa4 Nd4 16.
Bxd4 Qxd4 17. dxe4 fxe4 18. Qc2 e3 19. f4 c6 20. Nf3 $14 {the vulnerable Pe3
causes Black some problems.}) 14. Qxa4 Bd5 $11 {Black has comfortably
equalised. The potential threat of a k-side attack forces White to play
precisely now.} 15. Bc5 Bd6 $146 {This solid move is a novelty.} ({It looks
like after} 15... Bxc5 $5 16. Rxc5 Qd6 {White had nothing better than
accepting a draw by repetition:} 17. e3 (17. Rfc1 Rad8 18. Qd1 Qf6 $15) 17...
a5 18. Qb5 Na7 19. Qa4 Nc6 $11) ({The previously played} 15... e4 $6 {was
premature:} 16. dxe4 fxe4 17. Nd2 Bxc5 18. Rxc5 $14 {1-0 (40) Ree,H (2480)
-Dzindzichashvili,R (2595)/Wijk aan Zee 1979/MCD}) 16. Qc2 Qf6 {Connecting the
rooks. Black's setup is almost perfect now.} ({Opening up the position by
means of} 16... e4 $6 17. dxe4 Bxe4 18. Qb2 $14 {would definitely suit White.})
({But} 16... f4 $5 {deserved serious attention:} 17. Nd2 Bxg2 18. Kxg2 Qd7 $132
{the pressure along the f-file fully compensates for losing control over the
light squares.}) 17. e4 Be6 (17... fxe4 18. dxe4 Be6 19. Be3 Bg4 20. Nd2 Rad8
$11) 18. exf5 Bxf5 (18... Qxf5 19. d4 Bxc5 20. Qxf5 Rxf5 21. dxc5 Raf8 22. Rc3
$14) 19. Be3 (19. Rfe1 Bg4 20. Nd2 Bxc5 21. Qxc5 Nd4 22. f3 Bxf3 23. Nxf3 Nxf3+
24. Bxf3 b6 $1 (24... Qxf3 $2 25. Rf1) 25. Qe3 Qxf3 26. Qxf3 Rxf3 27. Rxc7 Rxd3
28. Rxe5 Rxa3 $11) 19... a5 20. b5 Ne7 $6 {A somewhat passive move. White gets
an important tempo for putting pressure on Black's weak pawns.} ({The most
natural} 20... Nd4 {was more in the spirit of the position:} 21. Bxd4 exd4 22.
a4 ({After} 22. Nh4 Bg4 23. Bxb7 Rae8 24. Be4 Bxa3 25. Ra1 Bb4 {Black is OK at
least.}) 22... Rae8 23. Nd2 Ba3 24. Rcd1 b6 25. Nc4 Bb4 $11 {White suffers
from the pressure of Black's dark-squared bishop, though the position is
objectively equal here.}) 21. Bg5 {Returning the favour.} ({It was the right
moment for regrouping the forces:} 21. Rce1 $1 Rae8 (21... Bxa3 22. Bg5 Qd6 23.
Bxe7 Qxe7 24. Nxe5 Qc5 25. Qa2 Bb4 26. Re3 $14) 22. Bc1 b6 23. Bb2 $14) 21...
Qf7 22. Qc3 {Protecting the Pa3 and keeping an eye on the opponent's central
pawn.} ({Nothing special is on offer after} 22. Rce1 Ng6 23. h4 Qd7 24. h5 Bg4
25. Nh2 Bxh5 26. Bxb7 Rab8 27. Bc6 Qf5 28. Bd2 Ne7 29. Be4 Qf6 $132) ({Or} 22.
Nh4 Bd7 23. Bxb7 Rab8 24. Be4 Rxb5 $11) 22... h6 {A double-edged move. White
is forced to exchange the dark-squared bishop, but the Kg8 is more exposed now.
} ({An equal ending could have arisen in the event of} 22... Rae8 $5 23. Be3 ({
Black has nothing to worry about after} 23. Nxe5 Bxe5 24. Qxe5 Bxd3 25. Qxc7
Bxb5 $11) 23... Nd5 24. Ng5 Nxc3 25. Nxf7+ Rxf7 26. Rxc3 b6 $11) 23. Bxe7 Qxe7
24. Nh4 Bxa3 ({Possibly, a safer way was} 24... Bh7 25. Bxb7 Rab8 26. Be4 Rxb5
27. Bxh7 Kxh7 28. Qc4 Qd7 29. Qe4+ Kg8 $11) 25. Bxb7 Bxc1 $2 {A serious
mistake, which leads to the loss of a pawn.} ({The correct move was} 25... Rab8
$1 26. Nxf5 Rxf5 27. Be4 Rf6 28. Rc2 Rxb5 29. Ra1 Bb4 30. Qxc7 Qxc7 31. Rxc7
Rf8 {Black should be able to achieve a draw in this}) 26. Nxf5 Rxf5 27. Bxa8
Ba3 28. Qxa5 $16 {Now White is a pawn up, while Black suffers from the exposed
king.} Bc5 {Black has some counter-play along the f-file, so the game isn't
over.} 29. Be4 Rf8 30. Kg2 {Intending to advance the f-pawn and activate the
rook.} Qd6 31. h4 h5 $2 {A decisive mistake - now Black has too many
weaknesses.} ({It was necessary to sit and wait:} 31... Bb6 32. Qa2 Qc5 33. Qb2
Qd4 $16) 32. Qd2 Qf6 (32... Qh6 33. Qg5 $1 (33. Qc3 Qd6 34. Qc1 Qd4 35. f3 Qe3
36. Qxe3 Bxe3 $16) 33... Bd4 34. Qe7 Qd6 35. Qxd6 cxd6 36. Bg6 $18) 33. Qe2 {
Anand prefers to keep the queens on the board.} (33. Qg5 {was also good enough:
} Qxg5 34. hxg5 $18 {winning the second pawn.}) 33... g6 (33... Qf7 34. f4 Bd4
(34... exf4 35. Rxf4 Qe8 36. Rxf8+ Bxf8 37. Qf3 Bb4 38. Qf5 $18) 35. f5 Kg8 36.
f6 gxf6 37. Rf5 $18) 34. Bxg6 $1 {This little piece of tactics immediately
decides the game.} Qxg6 35. Qxe5+ Kg8 36. Qxc5 {White is 3 pawns up now, so
Black resigns.} 1-0